Culture Générale - Série 2179 - Statistiques

Statistiques générales
  • Ce quiz a été pris 104 fois
  • Le résultat moyen est 5 sur 10
Statistiques - réponses
Question Réponse % Correct
Quel est le chef-lieu de l'Hérault ? Montpellier
89%
Dans le film "La vache et le prisonnier", comment s'appelait la vache de l'acteur en photo ? Marguerite
79%
De quel département Laval est-il le chef-lieu ? Mayenne
69%
Quel est l'ancêtre de la boisson bière (faite sans houblon) ? cervoise
56%
Comment appelle-t-on l'hydromel breton ? chouchen
49%
Drap de protection ou planche de bois alaise
43%
De quel pays l'oille (potée faite avec diverses viandes et des légumes variés.) est-elle originaire ? Espagne
28%
Acteur qui cherche davantage à attirer l'attention du spectateur sur lui-même, qu'à servir son rôle - 7 lettres commençant par " c " cabotin
20%
Solution de dernier recours acceptée ou proposée à défaut d'autre chose (mot composé de 8 lettres commençant par " p ") pis aller
19%
En finance, quel terme désigne l'activité de médiation sur les marchés financiers ? 8 lettres commençant par " c " courtage
9%
Aucun quiz correspondant
Distribution des résultats
% des personnes avec chaque résultat
Percentile par nombre de réponses
Votre historique - résultats
Vous n’avez pas pris ce quiz